000 00905nam a2200253Ia 4500
003 IN-BaIIA
008 211028s9999 xx s 000 0 eng d
020 _a978-0-387-09627-8 (Print)
020 _a978-0-387-09628-5 (Online)
040 _cIIA Library
100 _aUlivi, Paolo
_933059
245 0 _aRobotic Exploration of the Solar System
_h[eBook]
260 _aNew York
_bSpringer New York
_c2012
300 _aOnline resource
490 _aSpringer Praxis Books
650 _a Astrobiology
_925948
650 _a Astronomy, Astrophysics and Cosmology
_936176
650 _a Popular Science in Astronomy
_935908
650 _a Space Sciences (including Extraterrestrial Physics, Space Exploration and Astronautics)
650 _aPopular Science
_935015
700 _aHarland, David M.
_927428
856 _uhttp://doi.org/10.1007/978-0-387-09628-5
_yClick Here to Access eBook
942 _cEB
999 _c21299
_d21299